000 00476cam a22001217a 4500
008 180718bn.d. xxu||||| |||| 00| 0 eng d
082 _aA81x54 In2/71/21/Pt10C/21
100 _aCensus of India 1971
245 _aUttar Pradesh district census handbook, Mathura: analytical report and administrative statistics and census tables
260 _aLucknow
_bDirector of Census Operations
_cn.d.
300 _a451+p.
440 _aCensus of India 1971. Series-21, Uttar Pradesh. Part X-C
999 _c485893
_d485893